Kỹ thuật nuôi gà thịt khoa học an toàn và hiệu quả

Sách giới thiệu giống, kỹ thuật xây dựng và phối hợp khẩu phần ăn hiệu quả, thiết kế chuồng trại và bảo vệ môi trường, chăm sóc gà con cho thịt hiệu quả.

Sparad:
Bibliografiska uppgifter
Materialtyp: Bok
Språk:Undetermined
Publicerad: Hà Nội Lao động - Xã hội 2016
Ämnen:
Taggar: Lägg till en tagg
Inga taggar, Lägg till första taggen!
Thư viện lưu trữ: Trung tâm Học liệu Trường Đại học Cần Thơ
LEADER 00821nam a2200193Ia 4500
001 CTU_230771
008 210402s9999 xx 000 0 und d
020 |c 60000 
082 |a 636.5142 
082 |b K600 
245 0 |a Kỹ thuật nuôi gà thịt khoa học an toàn và hiệu quả 
245 0 |c Vũ Thùy An (Biên soạn) 
260 |a Hà Nội 
260 |b Lao động - Xã hội 
260 |c 2016 
520 |a Sách giới thiệu giống, kỹ thuật xây dựng và phối hợp khẩu phần ăn hiệu quả, thiết kế chuồng trại và bảo vệ môi trường, chăm sóc gà con cho thịt hiệu quả. 
650 |a Chickens,Gà 
650 |x Breeding,Chăn nuôi 
980 |a Trung tâm Học liệu Trường Đại học Cần Thơ